Responses for show #971 - Monday, November 21, 1988

Contestants

Barbara Bradley, a teacher from Glendale, Arizona

Dennis McNeil, a priest from Painesville, Ohio

Steve Brown, a chief petty officer from Twentynine Palms, California (whose 2-day cash winnings total $26,799)

Jeopardy! Round responses

POETRY
FAMOUS WOMEN
SPORTS
DOUBLE LETTERS
THE FUNNIES
MARS
    $100 14
the world

Barbara
    $100 2
(Dr.) Ruth Westheimer

Dennis
    $100 26
bowling

Barbara
    $100 17
Collins

Dennis
    $100 1
Capp

Barbara
    $100 7
Soviet Union

Dennis
    $200 15
William Jennings Bryan

Steve
    $200 9
New York

Barbara
    $200 27
Reggie Jackson

Steve
    $200 18
Sagittarius

Dennis
    $200 3
Dick Tracy

Dennis
    $200 8
canals

Barbara
    $300 20
Churchyard

Dennis
    $300 10
Margaret Chase Smith

Steve
    $300 28
(Dennis: What is a flip of the coin?)

sudden death overtime

Dennis
Triple Stumper
    $300 19
lessee

Barbara
    $500 4
Prince Valiant

Dennis
    $300 11
volcano

Steve
    $400 21
Evangeline

Barbara
    $400 13
Anne Sullivan

Barbara
    $400 29
(Dennis: What's the Browns?)
(Alex: Be more specific.)

Cleveland Browns

Dennis
    $400 24
(Dennis: What is yellow?)

green

DennisBarbara
    $400 5
Barney Google

Steve
    $400 12
Ares

Barbara
    $500 22
The Rape of the Lock

Barbara
    $500 23
Richard Wagner

Steve
    $500 30
hockey

Dennis
    $500 25
(Alex: We've got a minute to go.)

razzmatazz

Barbara
    $500 6
(Barbara: Who is Mickey Spillane?)

Dashiell Hammett

SteveBarbara
    $500 16
ice caps

Dennis

Scores at the first commercial break (after clue 13):

Steve Dennis Barbara
$1,500 $900 $800

Scores at the end of the Jeopardy! Round:

Steve Dennis Barbara
$2,400 $2,200 $3,100

Double Jeopardy! Round responses

THE 1940s
WORLD TRAVEL
PRESIDENTIAL TRIVIA
BUSINESS & INDUSTRY
COMPOSERS
ANIMALS
    $200 16
rice

Steve
    $200 1
mileage

Dennis
    $200 21
Quakers

Steve
    $200 26
Goldwyn

Steve
    $200 5
Messiah

Steve
    $200 3
moth

Barbara
    $400 17
Nuremberg

Steve
    $400 2
Victoria and Albert

Dennis
    $2,000 22
Illinois

Steve
    $400 27
preferred stock

Triple Stumper
    $400 6
Stravinsky

Barbara
    $400 12
panther (leopard)

Barbara
    $600 18
Paris

Steve
    $600 4
guilders

Steve
    $600 23
Thomas Jefferson

Steve
    $600 28
[End of round signals]

26

Triple Stumper
    $600 7
Beethoven

Steve
    $600 13
bats

Triple Stumper
    $800 19
Mexico

Steve
    $2,000 10
(Steve: What is Austria?)

Switzerland

Steve
    $800 24
(Barbara: Who is Nixon?)
(Steve: Who is Ronald Reagan?)
(Dennis: Who is Kennedy?)
(Alex: Each of you lost the same amount so no harm, no foul on that one.)

Dwight David Eisenhower

SteveDennisBarbara
Triple Stumper
    $800 8
United States

Barbara
    $800 14
crawdads (crayfish)

Dennis
    $1000 20
(Dennis: What is Palestine?)

Transjordan

Dennis
Triple Stumper
    $1000 11
Florence

Barbara
    $1000 25
(Barbara: Who is Buchanan?)
(Dennis: Who is Harrison?)
(Alex: Steve?)
[Steve shakes head no and Alex laughs.]
(Alex: We've got less than a minute to go.)

Polk

DennisBarbara
Triple Stumper
    $1000 9
Modest Mussorgsky

Steve
    $1000 15
gorillas, chimpanzees, gibbons, orangutans

Triple Stumper

Scores at the end of the Double Jeopardy! Round:

Steve Dennis Barbara
$7,000 $800 $4,100

[wagering suggestions for these scores]

Final Jeopardy! Round responses

MUSICALS OF THE '80s
DennisWho is Fred Flintstone?
$799
BarbaraWho is Superman?
$4,000
SteveWhat is "Cats"?
$1,201
Les Misérables

Final scores:

Steve Dennis Barbara
$5,799 $1 $100
3-day champion: $32,598 3rd place: Sound Design home entertainment center 2nd place: trip on Eastern to St. Martin & stay at Mullet Bay Resort

Game dynamics:

Coryat scores:

Steve Dennis Barbara
$7,400 $600 $4,100
19 R
(including 1 DD),
2 W
(including 1 DD)
13 R
(including 1 DD),
5 W
17 R,
3 W

Combined Coryat: $12,100

The J! Archive is created by fans, for fans. The Jeopardy! game show and all elements thereof, including but not limited to copyright and trademark thereto, are the property of Jeopardy Productions, Inc. and are protected under law. This website is not affiliated with, sponsored by, or operated by Jeopardy Productions, Inc. Join the discussion at JBoard.tv.